000 003770000a22001450004500
020 _a0-7899-0701-1
041 0 _aSPA
090 _aAV 0027
245 1 0 _aLibrito de instrucciones de Dios para los padres / Gabriel Prada, Traductor
260 _aMiami, FL., USA : Unilit
300 _a159 Pag
650 1 4 _aVIDA CRISTIANA \ PADRES - MEDITACIONES
001 5836
942 _cBK
999 _c36194
_d36194